000 00336nam a2200121Ia 4500
008 230907s9999||||xx |||||||||||||| ||und||
082 _a532.0527
_bPOP,
100 _aPope, S. B.
_9115343
245 0 _aTurbulent flows
260 _aCambridge University Press,
_bCambridge ; | New York :
_c2000
300 _axxxiv, 771 p. :
942 _cBK
999 _c598187
_d598187